Be Peaceful - Sudden Death - Statistics

General Stats
  • This quiz has been taken 111 times
    41 since last reset
  • The average score is 6 of 14
Answers on the Grid
Answers color-coded by a green-red scale on the quiz's grid according to % correct below.
Anathema
Arcadian
Augean
Bucolic
Calm
Elysian
Furtive
Halcyon
Harmonic
Harrowing
Idyllic
Jingoistic
Languid
Mayhem
Pacific
Placid
Plangent
Reposeful
Restive
Serene
Stentorian
Tranquil
Verdigris
Zen-like
 
Answer Stats
Answer % Correct
Calm
88%
Tranquil
77%
Idyllic
69%
Serene
62%
Zen-like
54%
Harmonic
50%
Placid
42%
Pacific
38%
Languid
35%
Reposeful
35%
Bucolic
27%
Halcyon
23%
Arcadian
19%
Elysian
15%
No matching quizzes found
Score Distribution
Percent of People with Each Score
Percentile by Number Answered
Your Score History
You have not taken this quiz since the last reset